A dictionary of biology
The book offers 4,000 clear and concise entries; up-to-date coverage of molecular biology, genetics, and biotechnology. New entries include apoptosis, bioreactor, biosensor, G-protein, mitochondrial Eve, and nerve growth factor
Uloženo v:
| Médium: | Kniha |
|---|---|
| Jazyk: | Undetermined |
| Vydáno: |
Oxford
Oxford Univ. Press
1996
|
| Témata: | |
| Tagy: |
Přidat tag
Žádné tagy, Buďte první, kdo otaguje tento záznam!
|
| Thư viện lưu trữ: | Trung tâm Học liệu Trường Đại học Cần Thơ |
|---|
| LEADER | 00627nam a2200157Ia 4500 | ||
|---|---|---|---|
| 001 | CTU_28435 | ||
| 008 | 210402s9999 xx 000 0 und d | ||
| 082 | |a 570.3 | ||
| 082 | |b D545 | ||
| 245 | 2 | |a A dictionary of biology | |
| 260 | |a Oxford | ||
| 260 | |b Oxford Univ. Press | ||
| 260 | |c 1996 | ||
| 520 | |a The book offers 4,000 clear and concise entries; up-to-date coverage of molecular biology, genetics, and biotechnology. New entries include apoptosis, bioreactor, biosensor, G-protein, mitochondrial Eve, and nerve growth factor | ||
| 650 | |a biology - terminoloy | ||
| 980 | |a Trung tâm Học liệu Trường Đại học Cần Thơ | ||